Analytická chémia : Praktikum I /

Gespeichert in:
Bibliographische Detailangaben
1. Verfasser: Čakrt, Miroslav (Verfasst von)
Format: Buch
Veröffentlicht: Bratislava : SVŠT v Bratislave, 1987
Ausgabe:2. vyd.
Tags: Tag hinzufügen
Keine Tags, Fügen Sie das erste Tag hinzu!

MARC

LEADER 00000nam a22000003a 4500
001 stu20005
005 20150617225752.6
008 ------s1987----cs----------------------d
040 |a STU  |b slo 
041 0
044 |a cs 
080 |a 543/075.8/ 
100 1 |a Čakrt, Miroslav  |4 aut 
245 1 |a Analytická chémia :  |b Praktikum I /  |c [aut.]Čakrt,Miroslav a kol 
250 |a 2. vyd. 
260 |a Bratislava :  |b SVŠT v Bratislave,  |c 1987 
300 |a 327 s :  |b Obr.,tab 
996 |b 284C018128  |c C*79068  |l CCI  |s A  |a 24  |w stu20005_0001 
996 |b 284C018127  |c C*79069  |l CCI  |s A  |a 24  |w stu20005_0002